| 000 | 00000nam##2200000za#4500 |
| 001 | 9.643475 |
| 003 | CaOODSP |
| 005 | 20210624224203 |
| 007 | cr ||||||||||| |
| 008 | 150407|2002||||xxc|||||o f|0| 0 fre|d |
| 040 | |aCaOODSP|bfre |
| 043 | |an-cn--- |
| 086 | 1 |aH164-171/2002F-PDF |
| 110 | 1 |aCanada. |bDirection générale des produits de santé et des aliments. |
| 245 | 10|aRapport sur l'atelier par et pour les jeunes, 21 février 2002, en partnariat avec YouCAN! / |h[ressource électronique]|c[par] Le Bureau de la participation des consommateurs et du public (BPCP). |
| 260 | |aOttawa - Ontario : |bSanté Canada. |cJuin 2002. |
| 300 | |a44p.|bfigures en couleur, graphiques, tableaux |
| 590 | |a14-13-Supp|b2014-06-23 |
| 691 | 07|aAliment|2gcpds |
| 691 | 07|aDépistage|2gcpds |
| 691 | 07|aJeunesse|2gcpds |
| 691 | 07|aProduit pour les soins de santé|2gcpds |
| 775 | 08|tReport on the workshop by and for youth, February 21, 2002 in partnership with YouCAN! / |w(CaOODSP)9.699424 |
| 856 | 40|ahttp://publications.gc.ca|qPDF|s607 Ko|uhttps://publications.gc.ca/collections/collection_2014/sc-hc/H164-171-2002-fra.pdf |